100 Biggest Cities by Area on a World Map - Statistics

General Stats
  • This quiz has been taken 150 times
  • The average score is 75 of 100
Answers on the Map
Answers color-coded by a green-red scale on the quiz's map according to % correct below.
 
Answer Stats
Answer % Correct
Paris
96%
London
95%
Cairo
94%
Madrid
94%
Moscow
94%
New York City
94%
Sydney
94%
Tokyo
94%
Beijing
93%
Miami
93%
Berlin
92%
Delhi
92%
Dubai
92%
Los Angeles
92%
Dallas
91%
Melbourne
91%
Mexico City
91%
Milan
91%
Rio de Janeiro
91%
San Francisco
91%
Seattle
91%
Shanghai
91%
Chicago
90%
Perth
90%
Seoul
90%
Saint Petersburg
89%
Sao Paulo
89%
Boston
88%
Buenos Aires
88%
Istanbul
88%
Osaka
88%
Toronto
88%
Houston
87%
Jakarta
87%
Johannesburg
87%
Lagos
87%
San Diego
87%
Bangkok
86%
Tehran
86%
Detroit
85%
Denver
83%
Manila
83%
Orlando
83%
Philadelphia
83%
Phoenix
83%
Riyadh
83%
Washington D.C.
81%
Atlanta
80%
Austin
80%
Ho Chi Minh City
80%
Jacksonville
80%
Kuala Lumpur
80%
Tampa
80%
Montreal
79%
Portland
79%
Guangzhou
78%
Brisbane
77%
Salt Lake City
77%
Kolkata
76%
Minneapolis
76%
San Antonio
75%
Charlotte
74%
Wuhan
74%
Milwaukee
73%
Cleveland
72%
Indianapolis
72%
Kansas City
72%
Nashville
72%
Columbus
71%
Memphis
71%
Xi'an
70%
Jeddah
69%
St Louis
69%
Essen
68%
Pittsburgh
68%
Bengaluru
67%
Shenzhen
67%
Nagoya
64%
Cincinnati
63%
Chongqing
62%
Belo Horizonte
61%
Chengdu
61%
Tianjin
61%
Raleigh
58%
San Juan
58%
Hyderabad
57%
Richmond
57%
Louisville
55%
Nanjing
54%
Norfolk
53%
Hangzhou
46%
Birmingham
45%
Hartford
43%
Qingdao
43%
Shenyang
42%
Zhengzhou
32%
Suzhou
30%
Dongguan
27%
Quanzhou
13%
Onitsha
12%
No matching quizzes found
Score Distribution
Percent of People with Each Score
Percentile by Number Answered
Your Score History
You have not taken this quiz